Podpora vs. výsledky. Meranie dopadov regionálnej politiky Európskej únie
V členských krajinách EÚ v súčasnosti prebiehajú mnohé diskusie, či poskytovanie nenávratných finančných prostriedkov v rámci projektov má svoje opodstatnenie a želanú účinnosť alebo ide len o plytvanie finančnými prostriedkami. Vyhodnotenie dopadov podpory priemyselného výskumu a experimentálneho v...
Gespeichert in:
| 1. Verfasser: | |
|---|---|
| Weitere Verfasser: | |
| Format: | Buchkapitel |
| Sprache: | Slowakisch |
| Schlagworte: | |
| Tags: |
Keine Tags, Fügen Sie das erste Tag hinzu!
|
MARC
| LEADER | 00000nla a2200000 4500 | ||
|---|---|---|---|
| 001 | 0226065 | ||
| 005 | 20240502083604.7 | ||
| 041 | 0 | |a slo | |
| 044 | |a CZ | ||
| 245 | 1 | 0 | |a Podpora vs. výsledky. Meranie dopadov regionálnej politiky Európskej únie |c Alexandra Lešková, Valéria Némethová |
| 520 | |a V členských krajinách EÚ v súčasnosti prebiehajú mnohé diskusie, či poskytovanie nenávratných finančných prostriedkov v rámci projektov má svoje opodstatnenie a želanú účinnosť alebo ide len o plytvanie finančnými prostriedkami. Vyhodnotenie dopadov podpory priemyselného výskumu a experimentálneho vývoja smerujúceho do inovácii z prostriedkov EÚ na podniky a ich vybrané ukazovatele. Pozitívne stránky pomoci a odporúčania, ktoré by mohli odstrániť nedostatky a viesť ku kvalitnejším výsledkom hodnotenia. | ||
| 610 | 2 | 0 | |a Európska únia |
| 610 | 2 | 0 | |a politika regionálna |
| 610 | 2 | 0 | |a podpora štátna |
| 610 | 2 | 0 | |a podpora inovácií |
| 610 | 2 | 0 | |a zdroje finančné |
| 610 | 2 | 0 | |a spolupráca hospodárska medzinárodná |
| 100 | 1 | |a Lešková, Alexandra, 1990- | |
| 700 | 1 | |a Némethová, Valéria, 1987- | |